000
00218 a2200097 4500
001
44290
100
_a
(Barlaw) Kiely
245
_a
Dielectric Aerials
260
_a
London
_b
Methuen & Co. Ltd
_c
090
_c
28035
_d
28035
942
_a
NUST-CAE
_c
M
_c
20042
999
_c
279363
_d
279363